Ison-Britannian kaupunkeja jalkapallojoukkueiden mukaan - Statistics

Yleistilastot
  • Tätä visaa on pelattu 91 kertaa
  • Keskiarvotulos 10 / 12
Vastaustilastot
Kuvavisa Hint Vastaus % Oikein
497 000 Liverpool
100%
569 000 Manchester
100%
8 866 000 Lontoo
98%
373 000 Leicester
93%
308 000 Newcastle
91%
329 000 Nottingham
91%
270 000 Southampton
84%
278 000 Brighton
83%
1 158 000 Birmingham
78%
133 000 Ipswich
77%
264 000 Wolverhampton
77%
196 000 Bournemouth
70%
Ehtoja vastaavia visoja ei löytynyt
Tulosjakauma
Jokaisen tuloksen saaneiden osuus
Persentiili vastausten määrän mukaan
Tuloshistoriasi
Et ole pelannut tätä visaa